| 000 | 00800cab a2200229 4500 | ||
|---|---|---|---|
| 001 | ABS57137 | ||
| 008 | 090401t1997 xxu||||| |||| 00| 0 eng d | ||
| 035 | _a(Sirsi) u79156 | ||
| 041 | _aeng | ||
| 100 | _aKnutt, E. | ||
| 245 | _aHousing benefits | ||
| 260 | _c1997 | ||
| 350 | _a0 | ||
| 490 |
_aBuilding _v262(7994) 13 June 1997, 20-24(5) |
||
| 520 | _aReviews the new Labour government promise to release £5bn of capital receipts for reviving social housing and discusses where the money will be spent and when. Includes features on the future of social housing design and an analysis of where the capital receipts will come from. | ||
| 650 | _aCAPITAL RECEIPTS | ||
| 650 | _aLABOUR GOVERNMENT | ||
| 650 | _aSOCIAL HOUSING | ||
| 690 | _aHOUSING | ||
| 942 | _n0 | ||
| 948 | _c24/06/1997 | ||
| 999 |
_c49752 _d49752 |
||